مكتبة جامعة عجلون الوطنية

فهرس بحث المكتبة

المنظور الاسلامي لقضايا البيئة : دراسة مقارنة في المشكلات والتربية والتشريعات البيئية (Record no. 29033)

MARC details
000 -LEADER
fixed length control field 00782nam a2200205Ii 4500
003 - CONTROL NUMBER IDENTIFIER
control field JO-AjNU
008 - FIXED-LENGTH DATA ELEMENTS--GENERAL INFORMATION
fixed length control field 230605s9999||||xx |||||||||||||| ||und||
017 ## - COPYRIGHT OR LEGAL DEPOSIT NUMBER
Copyright or legal deposit number 2001/1422
040 ## - CATALOGING SOURCE
Original cataloging agency JO-AjNU
Language of cataloging ara
Description conventions rda
Transcribing agency JO-AjNU
041 ## - LANGUAGE CODE
Language code of text/sound track or separate title ara
050 14 - LIBRARY OF CONGRESS CALL NUMBER
Classification number BP190.5.N38.S57 2001
100 3# - MAIN ENTRY--PERSONAL NAME
Personal name اعداد السرياني ، محمد محمود ,
Relator term author
9 (RLIN) 56897
245 00 - TITLE STATEMENT
Title المنظور الاسلامي لقضايا البيئة : دراسة مقارنة في المشكلات والتربية والتشريعات البيئية
264 31 - PRODUCTION, PUBLICATION, DISTRIBUTION, MANUFACTURE, AND COPYRIGHT NOTICE
Place of production, publication, distribution, manufacture السعودية: جامعة ام القرى ،2001
300 ## - PHYSICAL DESCRIPTION
Extent 238ص
336 ## - CONTENT TYPE
Content type term text
Content type code txt
Source rdacontent
337 ## - MEDIA TYPE
Media type term unmediated
Media type code n
Source rdamedia
338 ## - CARRIER TYPE
Carrier type term volume
Carrier type code nc
Source rdacarrier
650 #4 - SUBJECT ADDED ENTRY--TOPICAL TERM
Topical term or geographic name entry element الاسلام والبيئة
9 (RLIN) 56898
Holdings
Withdrawn status Lost status Source of classification or shelving scheme Damaged status Not for loan Home library Current library Shelving location Date acquired Total Checkouts Full call number Barcode Date last seen Price effective from Koha item type
    Library of Congress Classification     مكتبة جامعة عجلون الوطنية مكتبة جامعة عجلون الوطنية المجموعات العامة 06/06/2023   BP190.5.N38.S57 2001 A25465 06/06/2023 06/06/2023 Books